000 00322nam a2200133 i 4500
001 bg
100 1 _aWERSCHLER, Iwo
245 0 _aTadeusz Hołówko życie i działalność /
_cIwo Werschler.
260 _aWarszawa,
_c1984.
040 _cBPK
041 _apol
942 _cKS
008 s pl f |000 0 pol
999 _c22605
_d22605
856 _uhttp://koha.tu.koszalin.pl/cgi-bin/koha/opac-detail.pl?biblionumber=22605
_yKatalog online BPK